000 00922 a2200241 4500
999 _c10416
_d10416
020 _a9780323321389 (pbk. : alk. paper)
020 _a032332138 (pbk. : alk. paper)
050 0 0 _aRC954 TOU2016
100 1 _aTouhy, Theris A.,
_eauthor.
245 1 0 _aEbersole & Hess' toward healthy aging :
_bhuman needs & nursing response /
_cTheris A, Kathleen Jett,
250 _a9th edition.
264 1 _aSt. Louis, Missouri :
_bElsevier,
_c2016
300 _axii, 532 pages
_billustrations (some colorED) ;
500 _aIncludes bibliographical references and index
504 _aIncludes bibliographical references and index.
650 1 2 _aGeriatric Nursing.
650 2 2 _aAged.
650 2 2 _aAging.
650 2 2 _aHealth Promotion.
700 1 _aJett, Kathleen Freudenberger,
_eauthor.
942 _2lcc
_cBK
_h954
_iTOU
_kRC